[Event "40th Olympiad Open"]
[Site "Istanbul TUR"]
[Date "2012.08.31"]
[Round "4.16"]
[White "Gelfand, Boris"]
[Black "Kazhgaleyev, Murtas"]
[Result "1/2-1/2"]
[WhiteTitle "GM"]
[BlackTitle "GM"]
[WhiteElo "2738"]
[BlackElo "2594"]
[WhiteTeam "Israel"]
[BlackTeam "Kazakhstan"]
[WhiteFideId "2805677"]
[BlackFideId "13700316"]
[EventDate "2012.08.28"]

1. d4 d5 2. c4 c6 3. Nc3 Nf6 4. e3 g6 5. Nf3 Bg7 6. Be2 O-O 7. O-O b6 8. b4 Ne4
9. Bb2 Nxc3 10. Bxc3 Bb7 11. cxd5 cxd5 12. a4 a6 13. b5 Nd7 14. Qb3 a5 15. Ne5
Qc7 16. Qb2 f6 17. Nc6 Bxc6 18. bxc6 Qxc6 19. Rfc1 Qe6 20. Bb5 f5 21. Bd2 Nc5
22. Qa2 Ne4 23. Rc6 Qf7 24. Rxb6 f4 25. Bc6 fxe3 26. Bxd5 exf2+ 27. Kh1 Nxd2 28.
Bxf7+ Rxf7 29. Rb2 f1=Q+ 30. Rxf1 Nxf1 31. Rf2 Rf8 32. Rxf1 Bxd4 33. Qc4 Bc3 34.
g4 Bb4 35. h4 Kg7 36. Qd4+ Kg8 37. Qd5 Kg7 38. Qe5+ Kg8 39. Qe6 Kg7 40. Qe5+ Kg8
41. Rxf7 Rxf7 42. h5 gxh5 43. Qg5+ Kf8 44. Qxh5 Kg7 45. Qe5+ Kg8 46. g5 Rg7 47.
Qd5+ Kf8 48. Qf5+ Kg8 49. Kh2 Rg6 50. Kh3 Rd6 51. Kg4 Rg6 52. Qd5+ Kg7 53. Kh5
Rd6 54. Qe5+ Kg8 55. Qe4 Rg6 56. Qa8+ Kg7 57. Qd8 Rd6 58. Qxe7+ Kg8 59. Qe8+ Kg7 1/2-1/2

[Event "40th Olympiad Open"]
[Site "Istanbul TUR"]
[Date "2012.08.31"]
[Round "4.16"]
[White "Kuderinov, Kirill"]
[Black "Avrukh, Boris"]
[Result "0-1"]
[WhiteTitle "IM"]
[BlackTitle "GM"]
[WhiteElo "2484"]
[BlackElo "2605"]
[WhiteTeam "Kazakhstan"]
[BlackTeam "Israel"]
[WhiteFideId "13701568"]
[BlackFideId "2803895"]
[EventDate "2012.08.28"]

1. d4 Nf6 2. Nf3 g6 3. e3 c5 4. c3 b6 5. Bd3 Bb7 6. O-O Bg7 7. Nbd2 d5 8. Ne5
O-O 9. f4 Ba6 10. Ndf3 Ne4 11. Bxa6 Nxa6 12. Bd2 Nc7 13. Be1 Qc8 14. Nd2 Nd6 15.
h3 Re8 16. Bg3 f6 17. Nef3 Qd7 18. Bh2 Rac8 19. Qe2 Nf7 20. Kh1 Qb5 21. Qxb5
Nxb5 22. a4 Nbd6 23. g4 e5 24. Rfe1 cxd4 25. exd4 e4 26. Nh4 f5 27. Ng2 Nc4 28.
Nxc4 dxc4 29. Ne3 Nd6 30. Rg1 Rf8 31. Kg2 Kf7 32. Kf2 Ke6 33. Ke2 Rf7 34. h4 Bf6
35. h5 gxh5 36. gxf5+ Kd7 37. Bg3 Be7 38. Rh1 Nxf5 39. Nxf5 Rxf5 40. Ke3 Rcf8
41. Raf1 Ra5 42. Kxe4 Rff5 43. Bh4 Bf8 44. Rhg1 Ke6 45. Rg5 Rxg5 46. Bxg5 Rxa4
47. f5+ Kf7 48. Kd5 h6 49. Bh4 Ra2 50. Rf2 b5 51. Kc6 b4 52. cxb4 Bxb4 53. d5
Ra6+ 54. Kb5 Rb6+ 55. Kxc4 Be1 56. Kc5 Bxf2+ 57. Kc4 0-1

[Event "40th Olympiad Open"]
[Site "Istanbul TUR"]
[Date "2012.08.31"]
[Round "4.17"]
[White "Salgado Lopez, Ivan"]
[Black "Faraj, Yahya"]
[Result "1-0"]
[WhiteTitle "GM"]
[BlackTitle "FM"]
[WhiteElo "2638"]
[BlackElo "2243"]
[WhiteTeam "Spain"]
[BlackTeam "Yemen"]
[WhiteFideId "2257327"]
[BlackFideId "9400184"]
[EventDate "2012.08.28"]

1. d4 Nf6 2. Nf3 c5 3. d5 d6 4. c4 e5 5. dxe6 Bxe6 6. Nc3 Be7 7. e4 O-O 8. Be2
Nc6 9. O-O Re8 10. Re1 Ng4 11. Nd2 Nf6 12. Bf1 Bf8 13. h3 Nd4 14. Nb3 Nc6 15.
Bf4 Ne5 16. Nd2 h6 17. Bg3 g5 18. Bxe5 dxe5 19. Nd5 Nd7 20. Qb3 Qc8 21. h4 Bg7
22. hxg5 hxg5 23. Qg3 f6 24. Be2 Bf7 25. Bg4 Qc6 26. Nf1 Nf8 27. Nfe3 Ng6 28.
Rad1 Kf8 29. Qh2 Rad8 30. g3 Nh8 31. Nf5 Bg6 32. Bh5 Bxh5 33. Qxh5 Re6 34. Nf4
Ree8 35. Qh7 1-0

[Event "40th Olympiad Open"]
[Site "Istanbul TUR"]
[Date "2012.08.31"]
[Round "4.17"]
[White "Al-Hadarani, Hatim"]
[Black "Korneev, Oleg"]
[Result "0-1"]
[WhiteTitle "FM"]
[BlackTitle "GM"]
[WhiteElo "2263"]
[BlackElo "2581"]
[WhiteTeam "Yemen"]
[BlackTeam "Spain"]
[WhiteFideId "9400273"]
[BlackFideId "4156803"]
[EventDate "2012.08.28"]

1. Nf3 d5 2. d4 Nf6 3. c4 e6 4. e3 Be7 5. Nc3 O-O 6. Bd3 a6 7. cxd5 exd5 8. h3
c5 9. O-O Nc6 10. Ne5 Re8 11. Nxc6 bxc6 12. b3 h6 13. dxc5 Bxc5 14. Bb2 Qd6 15.
Rc1 Ba7 16. Ne2 Bb8 17. Ng3 a5 18. Re1 Bd7 19. Bb1 Qe7 20. Nf5 Bxf5 21. Bxf5 Be5
22. Bxe5 Qxe5 23. Qc2 a4 24. bxa4 c5 25. f4 Qe7 26. Qxc5 Qxc5 27. Rxc5 Rxa4 28.
Rc2 g6 29. Bd3 Ra3 30. Rd2 Kg7 31. Kf2 g5 32. g3 Rea8 33. Ree2 Rc8 34. Bf5 Rc5
35. Rc2 Rca5 36. Rb2 d4 37. e4 gxf4 38. g4 Rxh3 39. e5 Nd5 40. e6 d3 41. Red2
fxe6 42. Bxe6 Nc3 43. Bf5 Rxf5 44. gxf5 Ne4+ 45. Kf1 Nxd2+ 46. Rxd2 Kf6 47. a4
Kxf5 48. Kg2 Rg3+ 49. Kf2 Ke4 50. a5 Rh3 51. Kg2 Rh5 52. Ra2 f3+ 53. Kg1 Ke3 54.
a6 d2 55. Ra1 Ra5 0-1

[Event "40th Olympiad Open"]
[Site "Istanbul TUR"]
[Date "2012.08.31"]
[Round "4.17"]
[White "Perez Candelario, Manuel"]
[Black "Salman, Saleh"]
[Result "1-0"]
[WhiteTitle "GM"]
[WhiteElo "2575"]
[BlackElo "2004"]
[WhiteTeam "Spain"]
[BlackTeam "Yemen"]
[WhiteFideId "2210622"]
[BlackFideId "9400621"]
[EventDate "2012.08.28"]

1. e4 e5 2. Nf3 Nc6 3. Bb5 d6 4. O-O Bg4 5. c3 Nf6 6. d3 a6 7. Ba4 Be7 8. Nbd2
O-O 9. h3 Bh5 10. Re1 Nd7 11. Bc2 Bg5 12. g4 Bg6 13. Nxg5 Qxg5 14. b4 h5 15. Nf3
Qe7 16. Bb3 hxg4 17. hxg4 Nf6 18. Nh4 Kh7 19. Kg2 Qd7 20. f3 Ne7 21. Rh1 Rh8 22.
Bg5 Kg8 23. Qd2 c6 24. Bxf6 gxf6 25. Nf5 Nxf5 26. exf5 Bh7 27. Qh6 Qe7 28. Rh5
d5 29. Rah1 Rd8 30. Qxh7+ Rxh7 31. Rxh7 Qd7 32. Rh8+ Kg7 33. R1h7# 1-0

[Event "40th Olympiad Open"]
[Site "Istanbul TUR"]
[Date "2012.08.31"]
[Round "4.18"]
[White "Neiksans, Arturs"]
[Black "Nedev, Trajko"]
[Result "1/2-1/2"]
[WhiteTitle "GM"]
[BlackTitle "GM"]
[WhiteElo "2537"]
[BlackElo "2494"]
[WhiteTeam "Latvia"]
[BlackTeam "FYROM"]
[WhiteFideId "11601388"]
[BlackFideId "15000605"]
[EventDate "2012.08.28"]

1. e4 c5 2. Nf3 Nc6 3. Bb5 g6 4. Bxc6 bxc6 5. O-O Bg7 6. c3 Nf6 7. Re1 O-O 8. h3
Ba6 9. d3 d6 10. c4 e5 11. Nc3 Bc8 12. Qa4 Bd7 13. b4 cxb4 14. Qxb4 Qc7 15. Be3
Rfb8 16. Qa3 h6 17. d4 Be6 18. c5 dxc5 19. dxe5 Nd7 20. Bxc5 Nxe5 21. Nd4 Nc4
22. Qa4 Qe5 23. Nxe6 Qxe6 24. Rac1 Rd8 25. Red1 Bxc3 26. Rxc3 Nb2 27. Rxd8+ Rxd8
28. Qc2 Qe5 29. g3 Nd3 30. Rxd3 Rxd3 31. Qxd3 Qxc5 32. Kg2 Kg7 33. f4 1/2-1/2

[Event "40th Olympiad Open"]
[Site "Istanbul TUR"]
[Date "2012.08.31"]
[Round "4.18"]
[White "Bogdanovski, Vlatko"]
[Black "Samolins, Vitalijs"]
[Result "1-0"]
[WhiteTitle "GM"]
[BlackTitle "IM"]
[WhiteElo "2448"]
[BlackElo "2404"]
[WhiteTeam "FYROM"]
[BlackTeam "Latvia"]
[WhiteFideId "15000206"]
[BlackFideId "11602112"]
[EventDate "2012.08.28"]

1. d4 d5 2. c4 c6 3. Nf3 Nf6 4. Nc3 a6 5. a4 e6 6. g3 dxc4 7. Bg2 c5 8. dxc5
Qxd1+ 9. Nxd1 Bxc5 10. Ne5 Nd5 11. Ne3 Nxe3 12. Bxe3 Bxe3 13. fxe3 Nd7 14. Nxc4
Rb8 15. O-O Ke7 16. Rac1 b6 17. Rfd1 Rd8 18. b4 Nf8 19. Rxd8 Kxd8 20. Ne5 Bd7
21. Bc6 Ke8 22. Nxd7 Nxd7 23. Rd1 Rd8 24. b5 axb5 25. Bxb5 Ke7 26. Rc1 Ne5 27.
Rc7+ Kd6 28. Rc1 Ke7 29. Rc7+ Kd6 30. Rc1 h5 31. h3 Kd5 1-0

[Event "40th Olympiad Open"]
[Site "Istanbul TUR"]
[Date "2012.08.31"]
[Round "4.18"]
[White "Starostits, Ilmars"]
[Black "Pancevski, Filip"]
[Result "1/2-1/2"]
[WhiteTitle "GM"]
[BlackTitle "IM"]
[WhiteElo "2494"]
[BlackElo "2461"]
[WhiteTeam "Latvia"]
[BlackTeam "FYROM"]
[WhiteFideId "11600748"]
[BlackFideId "15002187"]
[EventDate "2012.08.28"]

1. e4 e5 2. Nf3 d6 3. d4 exd4 4. Nxd4 Nf6 5. Nc3 Be7 6. Bd3 O-O 7. h3 c5 8. Nde2
Nc6 9. O-O Re8 10. Ng3 Be6 11. f4 Bf8 12. Kh1 h6 13. b3 a6 14. Bb2 b5 15. Nh5
Nxh5 16. Qxh5 g6 17. Qf3 c4 18. Nd5 Bxd5 19. exd5 Ne7 20. Bxc4 Nf5 21. Bd3 Bg7
22. Bxg7 Kxg7 23. Bxf5 gxf5 24. a4 b4 25. c3 Qb6 26. Rae1 Qc5 27. c4 Qd4 28. Rd1
Qe3 29. Qh5 Qxb3 30. Qxf5 Ra7 31. c5 dxc5 32. d6 Qe6 33. Qxc5 Rd7 34. Rf3 Red8
35. Rfd3 b3 36. Qc3+ Kh7 37. Re1 Rxd6 38. Rde3 Qd5 39. Qxb3 Qxb3 40. Rxb3 Rd4
41. a5 R8d5 42. Ra1 Rd1+ 43. Rxd1 Rxd1+ 44. Kh2 Ra1 45. Kg3 Rxa5 46. Rb6 Kg7 47.
Kg4 Ra2 48. g3 Ra3 49. f5 Kh7 50. h4 Ra5 51. Kf4 Ra4+ 52. Ke5 Kg7 53. h5 Ra5+
54. Kf4 Ra4+ 55. Kf3 Ra3+ 56. Kg4 Ra4+ 57. Kh3 f6 58. Rb7+ Kg8 59. g4 Ra3+ 60.
Kg2 a5 61. Ra7 a4 62. Ra8+ Kg7 63. Ra7+ 1/2-1/2

[Event "40th Olympiad Open"]
[Site "Istanbul TUR"]
[Date "2012.08.31"]
[Round "4.19"]
[White "Quesada Perez, Yuniesky"]
[Black "Idani, Pouya"]
[Result "1/2-1/2"]
[WhiteTitle "GM"]
[BlackTitle "IM"]
[WhiteElo "2626"]
[BlackElo "2477"]
[WhiteTeam "Cuba"]
[BlackTeam "Iran"]
[WhiteFideId "3504409"]
[BlackFideId "12510130"]
[EventDate "2012.08.28"]

1. e4 e5 2. Nf3 Nc6 3. Bb5 f5 4. Nc3 fxe4 5. Nxe4 Nf6 6. Nxf6+ Qxf6 7. Qe2 Be7
8. Bxc6 dxc6 9. Nxe5 Bf5 10. O-O O-O 11. d4 Bd6 12. f4 Bxe5 13. dxe5 Qg6 14. Rf2
Rad8 15. Be3 h5 16. Kh1 Rd5 17. h3 a6 18. Re1 Rfd8 19. Kh2 Re8 20. Rd1 Red8 21.
Rxd5 Rxd5 22. Qf3 Be4 23. f5 Bxf3 24. fxg6 Be4 25. e6 Re5 26. Bf4 Rxe6 27. Re2
Bf5 28. Rxe6 Bxe6 29. a4 Bf5 30. c3 Bxg6 31. a5 Kf7 32. Bxc7 Be4 1/2-1/2

[Event "40th Olympiad Open"]
[Site "Istanbul TUR"]
[Date "2012.08.31"]
[Round "4.20"]
[White "Lenic, Luka"]
[Black "Galego, Luis"]
[Result "1/2-1/2"]
[WhiteTitle "GM"]
[BlackTitle "GM"]
[WhiteElo "2640"]
[BlackElo "2495"]
[WhiteTeam "Slovenia"]
[BlackTeam "Portugal"]
[WhiteFideId "14603853"]
[BlackFideId "1900072"]
[EventDate "2012.08.28"]

1. d4 Nf6 2. c4 e6 3. Nc3 Bb4 4. e3 O-O 5. Bd3 d5 6. Nf3 c5 7. O-O dxc4 8. Bxc4
Nc6 9. a3 Bxc3 10. bxc3 b6 11. Bb2 Bb7 12. Bd3 Na5 13. Ne5 Be4 14. Be2 Nd7 15.
Nf3 cxd4 16. cxd4 Rc8 17. Rc1 Rxc1 18. Qxc1 Qa8 19. Qd2 Qd5 20. Qc3 Nf6 21. a4
Qb7 22. Rc1 Nd5 23. Qa3 Rc8 24. Ne1 Rxc1 25. Bxc1 Qc7 26. f3 Nc3 27. Bf1 Nb1 28.
Qb2 Nb3 29. fxe4 Qxc1 30. Qxc1 Nxc1 31. Nd3 Nb3 32. Nb2 Nc3 33. e5 Kf8 34. Bd3
h6 35. Kf2 1/2-1/2

[Event "40th Olympiad Open"]
[Site "Istanbul TUR"]
[Date "2012.08.31"]
[Round "4.20"]
[White "Fernandes, Antonio"]
[Black "Sebenik, Matej"]
[Result "0-1"]
[WhiteTitle "GM"]
[BlackTitle "GM"]
[WhiteElo "2395"]
[BlackElo "2552"]
[WhiteTeam "Portugal"]
[BlackTeam "Slovenia"]
[WhiteFideId "1900021"]
[BlackFideId "14602296"]
[EventDate "2012.08.28"]

1. d4 d5 2. c4 c6 3. cxd5 cxd5 4. Nc3 Nf6 5. Nf3 Nc6 6. Bf4 a6 7. Rc1 Bf5 8. e3
Rc8 9. Bd3 Bxd3 10. Qxd3 e6 11. O-O Be7 12. Ne5 O-O 13. Na4 Nxe5 14. Bxe5 Nd7
15. Bg3 Qa5 16. Qb3 b5 17. Rxc8 Rxc8 18. Nc3 Nb6 19. Rd1 b4 20. Ne2 Qb5 21. Kf1
a5 22. Ke1 h5 23. h3 h4 24. Bf4 Nc4 25. Qd3 Qb7 26. Rb1 b3 27. axb3 Bb4+ 28. Kd1
Nd2 29. Rc1 Ne4 30. Rxc8+ Qxc8 31. Qc2 Nxf2+ 32. Kc1 Nd3+ 33. Kb1 Qxc2+ 34. Kxc2
Ne1+ 35. Kd1 Nxg2 36. Nc1 Nxf4 37. exf4 Kh7 38. Nd3 Kg6 39. Ke2 Kf5 40. Kf3 Bd2
41. Ne5 Bxf4 42. Nxf7 Bc7 43. b4 axb4 44. b3 Kf6 45. Nh8 g6 0-1

[Event "40th Olympiad Open"]
[Site "Istanbul TUR"]
[Date "2012.08.31"]
[Round "4.20"]
[White "Borisek, Jure"]
[Black "Ferreira, Jorge Viterbo"]
[Result "1/2-1/2"]
[WhiteTitle "GM"]
[BlackTitle "FM"]
[WhiteElo "2554"]
[BlackElo "2338"]
[WhiteTeam "Slovenia"]
[BlackTeam "Portugal"]
[WhiteFideId "14603152"]
[BlackFideId "1910850"]
[EventDate "2012.08.28"]

1. e4 c5 2. Nf3 d6 3. d4 cxd4 4. Nxd4 Nf6 5. Nc3 Nc6 6. Bg5 e6 7. Qd2 a6 8.
O-O-O Bd7 9. f4 b5 10. a3 Qb6 11. e5 Qxd4 12. Qe1 Qa7 13. exf6 g6 14. Nd5 O-O-O
15. Ne7+ Kc7 16. Qd2 d5 17. g4 Re8 18. f5 Kb7 19. fxe6 fxe6 20. Nxc6 Bxc6 21.
Bg2 Bc5 22. Kb1 Rhf8 23. Rhf1 Rf7 24. Qc3 a5 25. Qe5 b4 26. Bc1 bxa3 27. c4 Qb6
28. cxd5 exd5 29. Qc3 axb2 30. Bxb2 Re3 31. Qc2 Ba3 32. Rf3 Rxf3 33. Bxf3 Bxb2
34. Qxb2 Qxb2+ 35. Kxb2 Rxf6 36. Bxd5 Rf2+ 37. Ka3 Bxd5 38. Rxd5 Rxh2 39. Rxa5
Rc2 40. Kb3 Rc7 41. Ra1 Kc8 42. Rd1 Rd7 43. Re1 Kd8 44. Kc3 Re7 45. Rf1 Rd7 46.
Re1 Kc7 47. Re6 Rd6 48. Re7+ Rd7 49. Re6 Kd8 50. Re1 Re7 51. Rf1 Ke8 52. Kd3 Rf7
53. Ra1 Kf8 54. Ke3 h6 55. Ra6 Kg7 56. Rb6 Rf1 57. Ra6 g5 58. Ra7+ Kg6 59. Ra6+
Rf6 60. Ra8 Kg7 61. Ra7+ Rf7 62. Ra6 Rf6 63. Ra7+ Kg6 64. Ra8 Rb6 65. Kf3 Kf6
66. Re8 Re6 67. Ra8 Ke5 68. Ra5+ Kd4 69. Ra4+ Kc5 70. Ra5+ Kb4 71. Ra8 Rf6+ 72.
Kg3 Rd6 73. Kf3 Kc3 74. Ke4 Kd2 75. Kf3 Rf6+ 76. Kg3 Re6 77. Ra2+ Ke3 78. Ra3+
Ke2 79. Ra2+ Kf1 80. Ra1+ Re1 81. Ra3 Re6 82. Ra1+ Ke2 83. Ra2+ Kd3 84. Ra3+ Kd2
85. Ra2+ Kc3 86. Ra3+ Kc2 87. Ra2+ Kb3 88. Ra8 Kc4 89. Ra4+ Kb5 90. Ra8 Re3+ 91.
Kf2 Rd3 92. Rc8 Kb6 93. Rc1 Rd6 94. Ke3 Rf6 95. Rc2 Rf4 96. Rh2 Rxg4 97. Rxh6+
Kc5 98. Rg6 Kd5 99. Kf3 Rg1 100. Kf2 Rg4 101. Kf3 Rf4+ 102. Kg3 Rf5 103. Kg4 Ke5
104. Rxg5 Rxg5+ 105. Kxg5 1/2-1/2

[Event "40th Olympiad Open"]
[Site "Istanbul TUR"]
[Date "2012.08.31"]
[Round "4.20"]
[White "Padeiro, Jose"]
[Black "Skoberne, Jure"]
[Result "1/2-1/2"]
[WhiteTitle "FM"]
[BlackTitle "GM"]
[WhiteElo "2354"]
[BlackElo "2552"]
[WhiteTeam "Portugal"]
[BlackTeam "Slovenia"]
[WhiteFideId "1901311"]
[BlackFideId "14604299"]
[EventDate "2012.08.28"]

1. d4 Nf6 2. c4 g6 3. Nc3 Bg7 4. e4 O-O 5. Bd3 d6 6. Nge2 a6 7. O-O c5 8. d5 b5
9. a4 bxc4 10. Bxc4 Nbd7 11. f4 Rb8 12. Kh1 Rb4 13. Bd3 Nb6 14. Rb1 e6 15. dxe6
Bxe6 16. b3 a5 17. f5 Bc8 18. Bg5 Bb7 19. Na2 Rxe4 20. Bxe4 Bxe4 21. fxg6 Bxb1
22. gxf7+ Rxf7 23. Qxb1 Qe8 24. Nac3 Nfd5 25. Bd2 Nxc3 26. Nxc3 c4 27. Re1 Qc6
28. Qc2 cxb3 29. Qxb3 Nc4 30. Bc1 Rf2 31. Rg1 Bd4 32. h3 Rf7 33. Rd1 Be5 34. Bh6
Rb7 35. Nb5 d5 36. Bc1 Rg7 37. Rf1 Qg6 38. Qf3 Qf7 39. Qxf7+ Rxf7 40. Rxf7 Kxf7
41. Na3 Ke6 42. Kg1 Nxa3 43. Bxa3 d4 44. Bc1 Bd6 45. Kf2 Kd5 46. g4 Bb4 47. h4
Ke4 48. g5 d3 49. Bb2 Kf4 50. Bf6 Bd2 51. h5 Be3+ 52. Ke1 Kf5 53. Bd8 Bxg5 54.
Bxa5 Kg4 55. Bb6 Be7 56. Kd2 Kxh5 57. Kxd3 Bb4 58. Ke4 1/2-1/2